000 00347 a2200169 4500
001 188261
020 _a85-00-41273-9
040 _cMagnum
100 _aPlatao
240 1 0 _aDiálogos III
_lpor
245 1 0 _aDiálogos III
300 _a236
362 0 _a1996
440 1 _aEdiouro
697 _aFILOSOFIA E DISCIPLINAS AFINS
942 _cBK
999 _c188261
_d188261